[Event "Frankfurt Ch A 2016"]
[Site "Ffm-Höchst, BiKuZ"]
[Date "2016.05.02"]
[Round "2.14"]
[White "Blank, Martina"]
[Black "Overkamp, Rüdiger"]
[Result "0-1"]
[WhiteElo "955"]
[BlackElo "1198"]
[PlyCount "46"]
[EventDate "2016.??.??"]
[WhiteTeam "vereinslos"]
[BlackTeam "SF Heidelberg"]

1. e4 e5 2. Nf3 Nc6 3. d4 exd4 4. Nxd4 Nxd4 5. Qxd4 c5 6. Qe3 Nf6 7. Be2 Be7 8.
O-O d5 9. exd5 Nxd5 10. Qe4 O-O 11. b3 Bf6 12. Bd3 g6 13. Bh6 Re8 14. Qf3 Bxa1
15. Nd2 Bg7 16. Bxg7 Kxg7 17. Ne4 b6 18. h3 Be6 19. a3 a5 20. g4 h6 21. Kg2 Qc7
22. h4 Qf4 23. Qh3 Bxg4 0-1

[Event "Frankfurt Ch A 2016"]
[Site "Ffm-Höchst, BiKuZ"]
[Date "2016.05.02"]
[Round "2.15"]
[White "Falk, Aniko Tim"]
[Black "Pessotschinski, Lars"]
[Result "0-1"]
[WhiteElo "1191"]
[BlackElo "764"]
[PlyCount "120"]
[EventDate "2016.??.??"]
[WhiteTeam "SK Hungen"]
[BlackTeam "TuS Makkabi"]

1. e4 e5 2. Nf3 Nc6 3. Nc3 Nf6 4. d4 d6 5. d5 Ne7 6. Bg5 h6 7. Bxf6 gxf6 8.
Bb5+ Bd7 9. Qd3 a6 10. Ba4 Bxa4 11. Nxa4 b5 12. Nc3 Qd7 13. O-O Ng6 14. g3 Bg7
15. a4 Rb8 16. axb5 axb5 17. Ra5 b4 18. Nb5 O-O 19. c4 c5 20. dxc6 Qxc6 21.
Qxd6 Qxe4 22. Nd2 Qe2 23. Qxb4 Ne7 24. Qxe7 Qxd2 25. Qa3 Rfc8 26. b4 Rxc4 27.
Rb1 Bf8 28. Qf3 Bxb4 29. Ra7 Bc5 30. Rc7 Bxf2+ 31. Qxf2 Qxf2+ 32. Kxf2 Rxc7 33.
Nxc7 Rxb1 34. Ne8 Rb2+ 35. Kg1 Rb4 36. Nxf6+ Kg7 37. Ne8+ Kf8 38. Nd6 Ke7 39.
Nf5+ Kf6 40. Nxh6 Re4 41. Kf2 Kg7 42. Kf3 Ra4 43. Nf5+ Kf6 44. Nd6 Ke6 45. Nc8
e4+ 46. Kf4 f5 47. h4 Ra8 48. Nb6 Rg8 49. h5 Rg4+ 50. Ke3 Rxg3+ 51. Kf2 f4 52.
Nc4 Rh3 53. Nd2 e3+ 54. Kg2 exd2 55. Kxh3 d1=Q 56. h6 Qh5+ 57. Kg2 Qxh6 58. Kg1
Ke5 59. Kf2 Qh3 60. Kg1 f3 0-1

[Event "Frankfurt Ch A 2016"]
[Site "Ffm-Höchst, BiKuZ"]
[Date "2016.05.02"]
[Round "2.16"]
[White "Lassek, Bjarne"]
[Black "Haardt, Oliver"]
[Result "1-0"]
[WhiteElo "737"]
[BlackElo "1152"]
[PlyCount "91"]
[EventDate "2016.??.??"]
[WhiteTeam "SC Nied"]
[BlackTeam "vereinslos"]

1. e4 b6 2. Bc4 Bb7 3. Nc3 Nc6 4. Nf3 Nf6 5. Ng5 e6 6. O-O Bc5 7. e5 Nd5 8.
Nce4 f5 9. Nxc5 bxc5 10. b3 Qxg5 11. d4 Qe7 12. Ba3 d6 13. Bb5 a6 14. Ba4 O-O
15. Rc1 cxd4 16. exd6 cxd6 17. b4 Nc3 18. Qd3 Nxa4 19. Rce1 Qh4 20. b5 Ne5 21.
Qb3 Nc5 22. Bxc5 dxc5 23. Qxe6+ Nf7 24. Re5 Qg5 25. f3 Rae8 26. Qxe8 Nxe5 27.
Qxe5 axb5 28. Qxc5 Qe3+ 29. Rf2 Ba6 30. Qb6 Rf6 31. Qd8+ Kf7 32. h4 Kg6 33. Qa5
Rc6 34. Qd2 Kh5 35. Kh2 Kxh4 36. Re2 Qg5 37. f4 Qg3+ 38. Kg1 b4 39. Qe1 Bxe2
40. Qxe2 Qxf4 41. Qe7+ g5 42. Qf7 Qc1+ 43. Kh2 Qf4+ 44. Kg1 Rxc2 45. Qxh7+ Kg3
46. Qh3# 1-0

[Event "Frankfurt Ch A 2016"]
[Site "Ffm-Höchst, BiKuZ"]
[Date "2016.05.02"]
[Round "2.17"]
[White "Peschk, Kathrin"]
[Black "Lachmann, Irma"]
[Result "1-0"]
[WhiteElo "1131"]
[BlackElo "743"]
[PlyCount "75"]
[EventDate "2016.??.??"]
[WhiteTeam "SV Groß-Gerau"]
[BlackTeam "FV Berkersheim"]

1. f4 Nc6 2. Nf3 f5 3. d4 g6 4. e3 Nf6 5. Bd3 d6 6. c3 b6 7. O-O Bb7 8. Nbd2
Qd7 9. b3 O-O-O 10. c4 Bg7 11. Bb2 h5 12. Bc2 Rhg8 13. d5 Nb4 14. Ng5 Rge8 15.
Ne6 Rg8 16. Nxd8 Qxd8 17. Nf3 Qe8 18. Ng5 Na6 19. Ne6 Bh8 20. Qe2 Nb8 21. e4
Qf7 22. e5 Ng4 23. Rab1 Nd7 24. Ng5 Qe8 25. exd6 cxd6 26. Bxh8 Rxh8 27. Qe6 Kc7
28. Rfe1 Nc5 29. Qxe7+ Qd7 30. Qxd7+ Kxd7 31. b4 Na6 32. Ba4+ Kd8 33. Nf7+ Kc8
34. Nxh8 Nc7 35. Re7 Nf6 36. Rf7 Nh7 37. Rxh7 Kd8 38. Re1 1-0

[Event "Frankfurt Ch A 2016"]
[Site "Ffm-Höchst, BiKuZ"]
[Date "2016.05.02"]
[Round "2.18"]
[White "Lochmann, Tobias"]
[Black "Klein, Simon"]
[Result "0-1"]
[WhiteElo "729"]
[BlackElo "1083"]
[PlyCount "38"]
[EventDate "2016.??.??"]
[WhiteTeam "SV Groß-Gerau"]
[BlackTeam "SF Frankfurt"]

1. c4 Nf6 2. Nc3 d5 3. Nf3 d4 4. Nd5 Nxd5 5. cxd5 Qxd5 6. b3 e5 7. d3 Nc6 8. e4
dxe3 9. fxe3 e4 10. Nh4 Bb4+ 11. Bd2 exd3 12. a3 Bxd2+ 13. Qxd2 Qe6 14. Bxd3
Qf6 15. Qd1 Qxh4+ 16. g3 Qg5 17. Qe2 Bg4 18. Qd2 O-O-O 19. Qf2 Rxd3 0-1

[Event "Frankfurt Ch A 2016"]
[Site "Ffm-Höchst, BiKuZ"]
[Date "2016.05.09"]
[Round "3.1"]
[White "Khenkin, Igor"]
[Black "Schmidt, Markus"]
[Result "1-0"]
[WhiteElo "2546"]
[BlackElo "2013"]
[PlyCount "75"]
[EventDate "2016.??.??"]
[WhiteTeam "SG Porz"]
[BlackTeam "SK Turm Bad Hersfeld"]

1. d4 Nf6 2. c4 g6 3. Nc3 Bg7 4. e4 d6 5. Nf3 O-O 6. Be2 e5 7. d5 a5 8. Bg5 h6
9. Be3 Na6 10. Nd2 Nh7 11. O-O f5 12. exf5 gxf5 13. f4 e4 14. Nb3 b6 15. Nd4
Nf6 16. h3 Bd7 17. a3 Qe8 18. Rb1 Kh7 19. b4 axb4 20. axb4 Rg8 21. Kh2 Qg6 22.
Rg1 Bh8 23. g3 h5 24. Ne6 Bxe6 25. dxe6 Rge8 26. Nd5 Rxe6 27. b5 Nc5 28. Nxc7
Ree8 29. Nxe8 Rxe8 30. Ra1 Re7 31. Ra8 Rd7 32. Bd4 Bg7 33. Bxf6 Qxf6 34. Bxh5
d5 35. cxd5 Nd3 36. Be8 Re7 37. Qh5+ Bh6 38. Bg6+ 1-0

[Event "Frankfurt Ch A 2016"]
[Site "Ffm-Höchst, BiKuZ"]
[Date "2016.05.09"]
[Round "3.2"]
[White "Zweschper, Erich"]
[Black "Poetsch, Hagen"]
[Result "0-1"]
[WhiteElo "2036"]
[BlackElo "2484"]
[PlyCount "46"]
[EventDate "2016.??.??"]
[WhiteTeam "SVG Eppstein"]
[BlackTeam "SF Schöneck"]

1. d4 d5 2. Nf3 Nf6 3. e3 Bf5 4. c4 e6 5. Nc3 Be7 6. h3 O-O 7. Be2 c5 8. O-O
Nc6 9. a3 dxc4 10. Bxc4 cxd4 11. exd4 Rc8 12. Ba2 Ne4 13. Ne2 Qb6 14. g4 Bg6
15. Nf4 Rcd8 16. Re1 Nxd4 17. Nxd4 Rxd4 18. Qe2 Bh4 19. Be3 Bxf2+ 20. Bxf2 Nxf2
21. Nxg6 Nd3 22. Nxf8 Nxe1 23. Rxe1 Re4+ 0-1

[Event "Frankfurt Ch A 2016"]
[Site "Ffm-Höchst, BiKuZ"]
[Date "2016.05.09"]
[Round "3.3"]
[White "Nagelsdiek, Ralf"]
[Black "Telljohann, Sven"]
[Result "0-1"]
[WhiteElo "1983"]
[BlackElo "2345"]
[PlyCount "44"]
[EventDate "2016.??.??"]
[WhiteTeam "SC Bad Soden"]
[BlackTeam "SF Schöneck"]

1. c4 g6 2. Nc3 Bg7 3. g3 c5 4. Bg2 Nc6 5. e3 h5 6. Nf3 d6 7. d4 Bg4 8. h3 cxd4
9. exd4 Bxf3 10. Bxf3 Qd7 11. Be3 Nh6 12. g4 hxg4 13. hxg4 O-O-O 14. Rg1 Kb8
15. Nb5 a6 16. Na3 e5 17. Bxc6 Qxc6 18. d5 Qd7 19. f3 e4 20. Qb3 exf3 21. Qb6
f2+ 22. Kxf2 Nxg4+ 0-1

[Event "Frankfurt Ch A 2016"]
[Site "Ffm-Höchst, BiKuZ"]
[Date "2016.05.09"]
[Round "3.4"]
[White "Legde, Georg"]
[Black "Benninger, Rudolf"]
[Result "1/2-1/2"]
[WhiteElo "2299"]
[BlackElo "1970"]
[PlyCount "105"]
[EventDate "2016.??.??"]
[WhiteTeam "Freibauer Mörlenbach"]
[BlackTeam "SC Heusenstamm"]

1. d4 g6 2. c4 Bg7 3. Nf3 c5 4. d5 d6 5. g3 e6 6. Nc3 Ne7 7. Bg2 O-O 8. O-O a6
9. a4 e5 10. e4 f5 11. exf5 gxf5 12. Bd2 Nd7 13. Qc1 e4 14. Ne1 Ne5 15. Ne2 Bd7
16. Bh6 N7g6 17. Bxg7 Kxg7 18. f4 Ng4 19. Nc2 h5 20. h3 Nf6 21. Ne3 b5 22. axb5
axb5 23. cxb5 Rxa1 24. Qxa1 Qb6 25. Qa6 Rb8 26. Qxb6 Rxb6 27. Nc3 Rb8 28. Ra1
Ne7 29. Ra7 Kg6 30. Bf1 Nc8 31. Ra6 Nb6 32. Nc4 Nxc4 33. Bxc4 Ne8 34. Ra7 Bc8
35. Kf2 Rb7 36. Rxb7 Bxb7 37. Ke3 h4 38. gxh4 Kh5 39. b6 Nf6 40. Bb5 Kxh4 41.
Bc6 Ba6 42. b7 Bxb7 43. Bxb7 Kxh3 44. Bc8 Kg4 45. Nb5 Nxd5+ 46. Kd2 Ne7 47.
Nxd6 Nxc8 48. Nxc8 Kxf4 49. Nd6 Ke5 50. Nc4+ Kd4 51. Ne3 f4 52. Nf5+ Ke5 53.
Nh6 1/2-1/2

[Event "Frankfurt Ch A 2016"]
[Site "Ffm-Höchst, BiKuZ"]
[Date "2016.05.09"]
[Round "3.5"]
[White "Biegel, Thomas"]
[Black "Keller, Peter"]
[Result "0-1"]
[WhiteElo "1946"]
[BlackElo "2248"]
[PlyCount "142"]
[EventDate "2016.??.??"]
[WhiteTeam "SVG Eppstein"]
[BlackTeam "Frankfurter TV"]

1. d4 d5 2. Nf3 Nf6 3. g3 Bf5 4. Bg2 Nbd7 5. O-O c6 6. Nbd2 h6 7. Re1 e6 8. c4
Be7 9. Qb3 Qb6 10. c5 Qc7 11. Nh4 Bh7 12. e4 dxe4 13. Nxe4 Nxe4 14. Bxe4 Bxe4
15. Rxe4 Nf6 16. Re2 Nd5 17. Ng2 O-O 18. Ne3 Rfd8 19. Nxd5 Rxd5 20. Be3 Rad8
21. Qc3 R8d7 22. Rd2 Bf6 23. Rad1 Qd8 24. Kg2 Bg5 25. f4 Bf6 26. Kf3 Kf8 27.
Qb4 Ke7 28. Ke2 Qh8 29. Qa3 a6 30. Qc3 g5 31. Kf3 Qg7 32. Qd3 gxf4 33. gxf4 h5
34. Rg1 Qh8 35. Rgd1 h4 36. h3 Rd8 37. Kf2 Rf5 38. Qe4 Bg5 39. Kg2 Bh6 40. Kh2
Qf6 41. Rf1 Rg8 42. Rg2 Rxg2+ 43. Kxg2 Qg6+ 44. Kh1 Qf6 45. Rf2 Kd7 46. Kg2 Kc7
47. Kf1 Bg7 48. Ke2 Qd8 49. Kf1 Bf6 50. Rd2 Kc8 51. Rf2 Qa5 52. a3 Qb5+ 53. Ke1
Qc4 54. Rd2 Kd7 55. Qg2 Ke7 56. Qe2 Qd5 57. Qg2 Qc4 58. Qe2 Qa2 59. Qg2 Rd5 60.
Qe2 Qb1+ 61. Qd1 Qe4 62. Kf2 Rd8 63. Qf3 Qb1 64. Qd1 Qa2 65. Qf3 Rg8 66. f5 Rg3
67. Qf4 Qd5 68. fxe6 fxe6 69. Qc7+ Kf8 70. Bf4 Qf3+ 71. Ke1 Rg1# 0-1

[Event "Frankfurt Ch A 2016"]
[Site "Ffm-Höchst, BiKuZ"]
[Date "2016.05.09"]
[Round "3.6"]
[White "Uwira, Oliver"]
[Black "Thomele, Michael"]
[Result "1-0"]
[WhiteElo "2236"]
[BlackElo "1885"]
[PlyCount "57"]
[EventDate "2016.??.??"]
[WhiteTeam "SC Nied"]
[BlackTeam "SC Obernau"]

1. d4 d5 2. c4 e6 3. Nc3 Nf6 4. Bg5 Be7 5. e3 Ne4 6. Bxe7 Qxe7 7. Rc1 Nxc3 8.
Rxc3 c6 9. Nf3 Nd7 10. Bd3 O-O 11. O-O f5 12. Qb1 g5 13. cxd5 g4 14. Nd2 exd5
15. Bxf5 Nf6 16. Bd3 Nh5 17. Qe1 Qg7 18. Bc2 Be6 19. Nb3 Rae8 20. Nc5 Bc8 21.
Nd3 Re6 22. Ne5 Rh6 23. f3 g3 24. h3 Bxh3 25. gxh3 Nf4 26. exf4 Rxh3 27. Ng4 h5
28. Qe6+ Rf7 29. Nh6+ 1-0

[Event "Frankfurt Ch A 2016"]
[Site "Ffm-Höchst, BiKuZ"]
[Date "2016.05.09"]
[Round "3.7"]
[White "Zimpfer, Andreas"]
[Black "Stockmann, Michael"]
[Result "0-1"]
[WhiteElo "1894"]
[BlackElo "2189"]
[PlyCount "122"]
[EventDate "2016.??.??"]
[WhiteTeam "SC Matt im Park"]
[BlackTeam "SF Schöneck"]

1. d4 d5 2. c4 c6 3. Nf3 Nf6 4. Nc3 e6 5. cxd5 cxd5 6. e3 Nc6 7. Bd3 a6 8. O-O
Be7 9. a3 O-O 10. Kh1 b5 11. b4 Bb7 12. Bb2 Rc8 13. Rc1 Qb6 14. Qb3 Rfd8 15.
Rfd1 Qa7 16. Ne1 Nd7 17. Bb1 Nb6 18. Nd3 Nc4 19. Ba1 Nb8 20. Nc5 Nd7 21. Ne2
Bf6 22. Nxd7 Rxd7 23. Nf4 Rdc7 24. Nd3 a5 25. Nc5 axb4 26. axb4 g6 27. Bc3 Ra8
28. Bc2 Bc8 29. Ra1 Qb8 30. Rxa8 Qxa8 31. Ra1 Ra7 32. Rxa7 Qxa7 33. Kg1 Kf8 34.
Bb1 Ke7 35. Qa2 Qxa2 36. Bxa2 Kd6 37. Kf1 e5 38. Ke2 exd4 39. Bxd4 Bxd4 40.
exd4 Bf5 41. Bb3 f6 42. Nb7+ Kc7 43. Nc5 g5 44. g3 h6 45. h4 Kc6 46. hxg5 fxg5
47. Ke1 h5 48. Bd1 h4 49. gxh4 gxh4 50. Bf3 h3 51. Bh1 Na3 52. Kd2 Nc4+ 53. Ke2
Bg4+ 54. Ke1 Nd6 55. Nd3 Be6 56. Nf4 Bf7 57. Ke2 Nf5 58. Kd3 h2 59. Bg2 Kd6 60.
Bh1 Bg8 61. Bg2 Nh4 0-1

[Event "Frankfurt Ch A 2016"]
[Site "Ffm-Höchst, BiKuZ"]
[Date "2016.05.09"]
[Round "3.10"]
[White "Crnjac, Zdravko"]
[Black "Milov, Leonid"]
[Result "0-1"]
[WhiteElo "1516"]
[BlackElo "2417"]
[PlyCount "72"]
[EventDate "2016.??.??"]
[WhiteTeam "FV Berkersheim"]
[BlackTeam "SC Noris-Tarrasch Nürnberg"]

1. e4 c5 2. c3 d5 3. e5 Nc6 4. d4 cxd4 5. cxd4 Qb6 6. Ne2 Bf5 7. Qb3 Qxb3 8.
axb3 Nb4 9. Ra4 Nd3+ 10. Kd2 Nxf2 11. Rg1 Bxb1 12. Nc3 Ne4+ 13. Ke3 Nxc3 14.
bxc3 e6 15. Bb5+ Kd8 16. b4 Ne7 17. g4 Nc8 18. Rf1 Bg6 19. h4 h5 20. g5 Nb6 21.
Ra2 Rc8 22. Bd2 a6 23. Bd3 Nc4+ 24. Bxc4 Rxc4 25. b5 axb5 26. Ra5 Kc7 27. Ra8
Ra4 28. Ra1 Rxa1 29. Rxa1 Be7 30. Ra5 f6 31. exf6 gxf6 32. gxf6 Bxf6 33. Be1
Kc6 34. Bg3 Rg8 35. Ra7 Bc2 36. Bf2 Ba4 0-1

[Event "Frankfurt Ch A 2016"]
[Site "Ffm-Höchst, BiKuZ"]
[Date "2016.05.09"]
[Round "3.11"]
[White "Egenolf, Dirk"]
[Black "Reschke, Stefan"]
[Result "1/2-1/2"]
[WhiteElo "1911"]
[BlackElo "2215"]
[PlyCount "97"]
[EventDate "2016.??.??"]
[WhiteTeam "SK Niederbrechen"]
[BlackTeam "SV Oberursel"]

1. e4 c5 2. Nf3 d6 3. g3 Nf6 4. d3 Nc6 5. Bg2 Bg4 6. h3 Bh5 7. g4 Bg6 8. Nh4
Nd7 9. Nd2 e6 10. Nxg6 hxg6 11. Nc4 g5 12. a4 Nde5 13. Nxe5 dxe5 14. Be3 Be7
15. c3 f6 16. Qb3 Kf7 17. Rd1 Qc7 18. Qc4 Rac8 19. O-O Rhd8 20. Rfe1 a6 21. Bf1
Qb8 22. Qa2 b5 23. axb5 axb5 24. b3 b4 25. c4 Rd7 26. Ra1 Ra7 27. Qb2 Rcc7 28.
Rxa7 Rxa7 29. Ra1 Qa8 30. Rxa7 Qxa7 31. Bc1 Nd4 32. Be2 g6 33. Bd1 Qa8 34. f3
f5 35. Qf2 Bf6 36. Qb2 Be7 37. Qf2 Qd8 38. Qa2 Nc6 39. Qe2 f4 40. Bb2 Kf6 41.
Kg2 Qa5 42. Qc2 Nd4 43. Bxd4 exd4 44. Qe2 Qa1 45. Bc2 Qc1 46. Qf2 Ke5 47. Kh2
Bf6 48. Kg2 Qe3 49. Kg1 1/2-1/2

[Event "Frankfurt Ch A 2016"]
[Site "Ffm-Höchst, BiKuZ"]
[Date "2016.05.09"]
[Round "3.12"]
[White "Bösch, Dirk"]
[Black "Kellerwessel, Ralf"]
[Result "0-1"]
[WhiteElo "2098"]
[BlackElo "1923"]
[PlyCount "154"]
[EventDate "2016.??.??"]
[WhiteTeam "SK Ebringen"]
[BlackTeam "SC Bad Soden"]

1. c4 e5 2. g3 Nf6 3. Bg2 c6 4. d4 exd4 5. Qxd4 Na6 6. Nf3 Bc5 7. Qe5+ Be7 8.
O-O O-O 9. a3 Re8 10. Qf4 d5 11. Nc3 Bd6 12. Qd2 Nc5 13. Qc2 dxc4 14. Be3 Qe7
15. Rad1 Bg4 16. Rd4 Ne6 17. Rxc4 Bh5 18. Nh4 Bc5 19. Nd1 Bb6 20. Bxb6 axb6 21.
Ne3 Rad8 22. Nhf5 Qc7 23. b4 b5 24. Rh4 Bg6 25. Qb2 Qd7 26. Qb3 Bxf5 27. Nxf5
Qd2 28. Bf3 h5 29. e3 Rd3 30. Qb1 Rxa3 31. Nd4 Qd3 32. Qb2 Rea8 33. Nxe6 fxe6
34. Bxh5 Qf5 35. Qe2 Ra2 36. Qf3 g5 37. Rd4 Qxf3 38. Bxf3 Kf7 39. Kg2 Rg8 40.
h3 Ke7 41. Rfd1 Rb2 42. Ra1 e5 43. Rdd1 e4 44. Bg4 Nxg4 45. hxg4 Rf8 46. Rf1
Kd7 47. Rad1+ Kc7 48. Rd4 Re8 49. Rfd1 Re7 50. Kg1 Rf7 51. Rf1 Re7 52. Rfd1 Rc2
53. R1d2 Rxd2 54. Rxd2 Rd7 55. Rc2 b6 56. Kg2 Rd3 57. f3 Rxe3 58. f4 Kd6 59. f5
c5 60. bxc5+ bxc5 61. Ra2 c4 62. Ra6+ Kc5 63. Kf2 Rf3+ 64. Ke2 Rxg3 65. Rg6
Rxg4 66. Ke3 c3 67. f6 Kc4 68. Rg7 Kb3 69. f7 Rf4 70. Rxg5 Rxf7 71. Rxb5+ Kc4
72. Re5 Rd7 73. Rxe4+ Kb3 74. Re8 c2 75. Rb8+ Kc3 76. Rc8+ Kb2 77. Rb8+ Kc1 0-1

[Event "Frankfurt Ch A 2016"]
[Site "Ffm-Höchst, BiKuZ"]
[Date "2016.05.09"]
[Round "3.13"]
[White "Masoudi, Kian"]
[Black "Felmy, Benjamin"]
[Result "1/2-1/2"]
[WhiteElo "1361"]
[BlackElo "2075"]
[PlyCount "59"]
[EventDate "2016.??.??"]
[WhiteTeam "SC Bergen-Enkheim"]
[BlackTeam "SC Bad Soden"]

1. e4 c5 2. d4 cxd4 3. c3 Nf6 4. Bd3 d5 5. e5 Ne4 6. Bxe4 dxe4 7. cxd4 Nc6 8.
Ne2 Bg4 9. Be3 Qb6 10. Qd2 Bxe2 11. Qxe2 O-O-O 12. d5 Qa5+ 13. Nc3 Rxd5 14. O-O
Rxe5 15. Rfc1 g5 16. a4 Kb8 17. Nb5 a6 18. Nd4 Nb4 19. Nb3 Qd5 20. Bd4 Bg7 21.
Rc5 Qxd4 22. Nxd4 Rxc5 23. Nb3 Re5 24. Qc4 Nd5 25. Nc5 Rd8 26. a5 e3 27. fxe3
Rxe3 28. Rd1 e6 29. Qa4 Rc8 30. Rc1 1/2-1/2

[Event "Frankfurt Ch A 2016"]
[Site "Ffm-Höchst, BiKuZ"]
[Date "2016.05.09"]
[Round "3.14"]
[White "Fucik, Timo"]
[Black "Beinrucker, Clemens"]
[Result "1-0"]
[WhiteElo "1985"]
[BlackElo "1899"]
[PlyCount "83"]
[EventDate "2016.??.??"]
[WhiteTeam "SK Ettlingen"]
[BlackTeam "SK Niederbrechen"]

1. d4 Nf6 2. c4 e6 3. g3 c5 4. Nf3 Nc6 5. Bg2 cxd4 6. Nxd4 Bb4+ 7. Bd2 Qa5 8.
Nxc6 bxc6 9. O-O Bxd2 10. Qxd2 Qxd2 11. Nxd2 d5 12. e4 Bb7 13. Rac1 O-O 14.
Rfd1 Rac8 15. Nb3 Rfd8 16. Nc5 Ba8 17. b3 d4 18. Rd3 Nd7 19. Nxd7 Rxd7 20. c5
Bb7 21. Rcd1 Rcd8 22. e5 f6 23. f4 Kf7 24. b4 Ke7 25. a4 Ba6 26. R3d2 Bb7 27.
b5 Rc7 28. exf6+ gxf6 29. Rxd4 Rxd4 30. Rxd4 cxb5 31. Bxb7 Rxb7 32. c6 Rc7 33.
axb5 a6 34. bxa6 Rxc6 35. Ra4 Rc8 36. Kf2 Ra8 37. a7 Kf7 38. Ke3 Ke7 39. Kd4
Kd7 40. g4 h6 41. h4 Ke7 42. Kc5 1-0

[Event "Frankfurt Ch A 2016"]
[Site "Ffm-Höchst, BiKuZ"]
[Date "2016.05.09"]
[Round "3.15"]
[White "Rondonuwu, Grover"]
[Black "Brehme, Ralf-Peter"]
[Result "1-0"]
[WhiteElo "1976"]
[BlackElo "1856"]
[PlyCount "103"]
[EventDate "2016.??.??"]
[WhiteTeam "Frankfurter TV"]
[BlackTeam "Vorw.Orient Mainz"]

1. d4 f5 2. Nf3 Nf6 3. Bf4 g6 4. e3 Bg7 5. Be2 d6 6. h3 O-O 7. O-O Qe8 8. Nbd2
Nc6 9. Bh2 h6 10. a4 Be6 11. c4 Bf7 12. d5 Nd8 13. Qc2 e5 14. dxe6 Nxe6 15.
Rfe1 Qd7 16. Nd4 c6 17. Rad1 Rfd8 18. b4 d5 19. N2f3 Qe8 20. Ne5 Ng5 21. b5
Rac8 22. bxc6 bxc6 23. Rb1 Nfe4 24. Nxf7 Nxf7 25. a5 c5 26. Nb5 Rd7 27. a6 d4
28. Bd3 Re7 29. exd4 cxd4 30. Nxa7 Rxa7 31. f3 Rxa6 32. fxe4 Re6 33. Re2 Ng5
34. exf5 Rxe2 35. Qxe2 Qxe2 36. Bxe2 gxf5 37. Rb5 Ne4 38. Rxf5 Nc5 39. Bd6 d3
40. Bf3 Bd4+ 41. Kf1 Nb3 42. Bd5+ Kh7 43. Bf4 d2 44. Bf3 Re8 45. Be2 Ra8 46.
Bd1 Re8 47. Bg3 Bc3 48. Bxb3 Re1+ 49. Kf2 d1=Q 50. Bxd1 Rxd1 51. Rd5 Be1+ 52.
Kf3 1-0

[Event "Frankfurt Ch A 2016"]
[Site "Ffm-Höchst, BiKuZ"]
[Date "2016.05.09"]
[Round "3.16"]
[White "Calvi, Stefan"]
[Black "Beinrucker, Markus"]
[Result "1-0"]
[WhiteElo "1974"]
[BlackElo "1824"]
[PlyCount "43"]
[EventDate "2016.??.??"]
[WhiteTeam "SF Frankfurt"]
[BlackTeam "SK Niederbrechen"]

1. e4 e6 2. d3 d5 3. Nd2 Nf6 4. Ngf3 c5 5. g3 Nc6 6. Bg2 Be7 7. O-O O-O 8. e5
Nd7 9. Re1 Qc7 10. Qe2 Nb4 11. Nf1 c4 12. d4 c3 13. b3 b6 14. a3 Ba6 15. Qd1
Nc6 16. h4 Rae8 17. Bf4 Qd8 18. Re3 f6 19. exf6 Bxf6 20. Rxc3 Nxd4 21. Nxd4 e5
22. Bxd5+ 1-0

[Event "Frankfurt Ch A 2016"]
[Site "Ffm-Höchst, BiKuZ"]
[Date "2016.05.09"]
[Round "3.17"]
[White "Ortinau, Peter"]
[Black "Klamser, Dietmar"]
[Result "1/2-1/2"]
[WhiteElo "1963"]
[BlackElo "1809"]
[PlyCount "51"]
[EventDate "2016.??.??"]
[WhiteTeam "Frankfurter TV"]
[BlackTeam "SC Groß-Umstadt"]

1. d4 d5 2. c4 c6 3. Nf3 Nf6 4. Nc3 dxc4 5. a4 Bf5 6. Ne5 Nbd7 7. Nxc4 Nb6 8.
Ne5 e6 9. Bg5 Be7 10. f3 Nfd7 11. Bxe7 Qxe7 12. Nxd7 Nxd7 13. e4 Bg6 14. Be2
Nf6 15. Qb3 h5 16. h4 a5 17. Rd1 Qb4 18. Bc4 Qxb3 19. Bxb3 O-O 20. Ke2 Rac8 21.
Rd2 Rfe8 22. Rhd1 Kf8 23. Bc4 Nd7 24. Kf2 Nb6 25. Bb3 f6 26. g3 1/2-1/2

[Event "Frankfurt Ch A 2016"]
[Site "Ffm-Höchst, BiKuZ"]
[Date "2016.05.09"]
[Round "3.18"]
[White "Gräbner, Walter"]
[Black "Stock, Jürgen"]
[Result "1/2-1/2"]
[WhiteElo "1949"]
[BlackElo "1780"]
[PlyCount "107"]
[EventDate "2016.??.??"]
[WhiteTeam "SC Nied"]
[BlackTeam "SC Eschborn"]

1. d4 e6 2. Nf3 d5 3. c4 c6 4. e3 Bd6 5. Nc3 f5 6. Qc2 Nf6 7. Bd3 Ne4 8. Bd2
O-O 9. O-O Nd7 10. Rac1 Qe8 11. g3 Rf6 12. Kg2 Rh6 13. h4 Qg6 14. Ng5 Nxg5 15.
hxg5 Qxg5 16. Be2 Nf6 17. e4 f4 18. e5 Nh5 19. Rh1 Bf8 20. Rh3 Bd7 21. Rch1 Be8
22. Qd1 g6 23. Bxh5 Rxh5 24. Bxf4 Qe7 25. Rxh5 gxh5 26. c5 b6 27. Na4 Qb7 28.
b3 Qa6 29. Qd2 Qb5 30. Bh6 Bg6 31. Rc1 Bxh6 32. Qxh6 Rf8 33. Qd2 Be4+ 34. Kg1
Rf3 35. Nc3 Qd3 36. Nxe4 dxe4 37. Qg5+ Kh8 38. cxb6 Qxd4 39. Rf1 axb6 40. Qxh5
Rxg3+ 41. Kh1 Qd3 42. Qd1 Rg5 43. Qxd3 exd3 44. f4 Rg8 45. Rd1 Rd8 46. Kg2 Kg7
47. Kf3 Kg6 48. Rg1+ Kf7 49. Ke3 d2 50. Rd1 Kg6 51. Rg1+ Kh5 52. Rd1 Kg4 53.
Rg1+ Kh3 54. Rd1 1/2-1/2

[Event "Frankfurt Ch A 2016"]
[Site "Ffm-Höchst, BiKuZ"]
[Date "2016.05.09"]
[Round "3.19"]
[White "Roggensack, Hans Peter"]
[Black "Kuhn, Gerhard"]
[Result "1/2-1/2"]
[WhiteElo "1992"]
[BlackElo "1901"]
[PlyCount "51"]
[EventDate "2016.??.??"]
[WhiteTeam "SF Frankfurt"]
[BlackTeam "SK Marburg"]

1. e4 c6 2. Nc3 d5 3. Nf3 dxe4 4. Nxe4 Bf5 5. Ng3 Bg6 6. Nh4 e6 7. Nxg6 hxg6 8.
d4 Nf6 9. Be2 Bd6 10. c3 Qc7 11. Qd3 Nbd7 12. Bd2 O-O-O 13. O-O-O Kb8 14. Kb1
Bf4 15. Bxf4 Qxf4 16. Qf3 g5 17. h3 Nd5 18. Rhe1 N7f6 19. Nf1 Ne4 20. Qxf4+
Nxf4 21. Bf3 Nd6 22. Ng3 Kc7 23. Ne2 Ng6 24. Ng1 Nf4 25. Ne2 Ng6 26. Ng1
1/2-1/2

[Event "Frankfurt Ch A 2016"]
[Site "Ffm-Höchst, BiKuZ"]
[Date "2016.05.09"]
[Round "3.20"]
[White "Breitwieser, Jasmin"]
[Black "Laufenburg, Frank"]
[Result "1-0"]
[WhiteElo "1940"]
[BlackElo "1622"]
[PlyCount "93"]
[EventDate "2016.??.??"]
[WhiteTeam "SF Frankfurt"]
[BlackTeam "SC Bergen-Enkheim"]

1. e4 d5 2. exd5 Qxd5 3. Nc3 Qd6 4. d4 a6 5. h3 Nf6 6. Nf3 Nc6 7. Be3 Bf5 8. a3
h6 9. Bd3 Bxd3 10. Qxd3 e6 11. O-O Be7 12. Rad1 O-O 13. Ne4 Qd5 14. Nxf6+ Bxf6
15. Bf4 Qd7 16. Rd2 Rfd8 17. Rfd1 Ne7 18. Ne5 Bxe5 19. Bxe5 c6 20. Qg3 Ng6 21.
Bc7 Rdc8 22. Bb6 Ne7 23. c4 Nf5 24. Qf4 Qd6 25. Qe4 Ne7 26. Rd3 Re8 27. Rg3 Ng6
28. Qg4 Qf4 29. Qh5 Qe4 30. Qg4 Qxg4 31. Rxg4 Ne7 32. Rd3 Nc8 33. Bc7 h5 34.
Rg5 g6 35. Rdg3 Kh7 36. Be5 Re7 37. Rf3 Nb6 38. g4 h4 39. Bf6 Rd7 40. b3 Nc8
41. Rc5 Na7 42. g5 e5 43. Rxe5 Rxd4 44. Re1 Rd6 45. Rf4 Rxf6 46. Rxf6 Kg7 47.
Re7 1-0

[Event "Frankfurt Ch A 2016"]
[Site "Ffm-Höchst, BiKuZ"]
[Date "2016.05.09"]
[Round "3.21"]
[White "Diehl, Stefan"]
[Black "Budde, Michael"]
[Result "0-1"]
[WhiteElo "1699"]
[BlackElo "1934"]
[PlyCount "50"]
[EventDate "2016.??.??"]
[WhiteTeam "SC Höchst"]
[BlackTeam "SC Flörsheim"]

1. f4 e5 2. fxe5 d6 3. Nf3 g5 4. d4 g4 5. Ng5 h6 6. Ne4 Bf5 7. Ng3 Bg6 8. Bf4
Nc6 9. exd6 Bxd6 10. Bxd6 Qxd6 11. c3 f5 12. Nd2 f4 13. Nge4 Qe7 14. Nf2 Nf6
15. Qb3 O-O-O 16. O-O-O Bf7 17. Qc2 Nd5 18. Qe4 Qg5 19. h4 gxh3 20. Nf3 Qg7 21.
gxh3 Rhe8 22. Qf5+ Be6 23. Qh5 Ne3 24. Rg1 Qh7 25. Ng5 Qc2# 0-1

[Event "Frankfurt Ch A 2016"]
[Site "Ffm-Höchst, BiKuZ"]
[Date "2016.05.09"]
[Round "3.22"]
[White "Schwenkreis, Thomas"]
[Black "Schellen, Sven"]
[Result "1-0"]
[WhiteElo "2001"]
[BlackElo "1763"]
[PlyCount "75"]
[EventDate "2016.??.??"]
[WhiteTeam "SV Oberursel"]
[BlackTeam "SF Frankfurt"]

1. e4 e5 2. Nc3 Nf6 3. g3 Nc6 4. Bg2 Bc5 5. d3 d6 6. Nge2 a6 7. O-O Bg4 8. h3
Bh5 9. Kh2 h6 10. Qe1 Nb4 11. Qd2 d5 12. a3 d4 13. Na4 Be7 14. axb4 b5 15. Nc5
a5 16. c3 dxc3 17. bxc3 a4 18. f4 Bxc5 19. bxc5 Nd7 20. Ba3 c6 21. d4 f6 22. g4
Bf7 23. Ng3 g6 24. fxe5 Nxe5 25. Qf4 Nc4 26. Qxf6 Qxf6 27. Rxf6 Ke7 28. e5 Bd5
29. Bxd5 cxd5 30. Rxg6 Raf8 31. Nf5+ Kd8 32. c6 Nxa3 33. Rxa3 h5 34. Kg3 hxg4
35. hxg4 Rh1 36. Rg7 Rxf5 37. Ra7 Kc8 38. gxf5 1-0